| 000 | 00749nam a2200253 u 4500 | ||
|---|---|---|---|
| 005 | 20220622063601.0 | ||
| 008 | 100610s2006 es r 000 0 spa d | ||
| 020 | _a842162282X | ||
| 035 | _aUPN01000176454 | ||
| 049 | _aI | ||
| 050 | 4 |
_aPZ76.3 _bE8.32 2006 |
|
| 100 | 1 |
_aEsteban, Angel, _d1963- _933094 |
|
| 245 | 1 | 0 |
_aHáblame del sol / _cAngel Esteban. |
| 250 | _a10a ed. | ||
| 260 |
_aMadrid : _bBruño, _c2006. |
||
| 300 |
_a73 p. : _bil. col. |
||
| 440 | 0 |
_aAltamar. _pCuentos ; _v89 |
|
| 586 | _aPremio Villa de Torrejón 1993 | ||
| 586 | _aPremio CCEI 1995 | ||
| 586 | _aPremio Lazarillo de ilustración 1986 | ||
| 650 | 0 |
_aAnimales _vCuentos y leyendas _9234 |
|
| 650 | 4 |
_aRATONES - _vLITERATURA INFANTIL _910248 |
|
| 905 | _aInfantil | ||
| 999 |
_c148557 _d148557 |
||